000 00715nam a2200289Ia 4500
005 20260324124402.0
008 008 260324s9999 xx 000 0 eng d
020 _a9781849775168
037 _aEBOOK
040 _aCRL
040 _beng
040 _cCRL
041 _2eng
041 _aeng
084 _qCRL
100 _aChris Laughton
_91173952
245 0 _aSolar Domestic Water Heating
245 4 _bThe Earthscan Expert Handbook for Planning, Design and Installation
260 _bTaylor and Francis
260 _c2010
365 _a
365 _b230
856 _uhttp://www.taylorfrancis.com/books/9781849775168
942 _cEBOOK
999 _c1768279
_d1768279